Statistics for World Landmarks - Over-zoomed

Click here to take the quiz!

General Stats

  • This quiz has been taken 13 times
  • The average score is 10 of 15

Answer Stats

Answer% Correct
Big Ben
100%
Eiffel Tower
100%
Statue of Liberty
100%
Sphinx
92%
Golden Gate Bridge
85%
Taj Mahal
77%
Arc de Triomphe
69%
Great Wall of China
69%
Acropolis
62%
Angkor Wat
62%
Christ the Redeemer
62%
Brandenburg Gate
54%
Colosseum
38%
Hagia Sofia
38%
Macchu Pichu
31%

Score Distribution

Percentile by Number Answered

Percent of People with Each Score

Your Score History

You have not taken this quiz